Studia Carpathico-Adriatica

Bibliographic Details
Other Authors: Homza, Martin, 1967- (Editor), Holjevac, Željko (Editor), Filipec, Krešimir (Editor), Vrtel, Andrej (Editor), Repanić-Braun, Mirjana (Editor), Gerát, Ivan, 1964- (Editor)
Format: Serial
Language:Slovak
English
Croatian
PhysicalDescription:24 cm
Online vydanie: Studia Carpathico-Adriatica (Online vydanie)
Published: Bratislava Slovensko-chorvátska komisia humanitných vied 2020-
Bratislava Univerzita Komenského
ISBN:9788089728237
9788022356848
9788022361316
Subjects:
Online Access:https://www.slo-cro-commission.com/publications/studia-carpathico-adriatica/

MARC

LEADER 00000cas a2200000 4500
001 vtls012066327
005 20260413115046.0
008 241128c20209999xo ar 0 b0slo
015 |a SNBB2021-(I/2020)  |a SNBB2024-(III/2022)  |a SNBB2026-(V/2024) 
020 |a 9788089728237  |q (brožované ;  |q vol. I/2020) 
020 |a 9788022356848  |q (brožované ;  |q vol. III/2022) 
020 |a 9788022361316  |q (brožované ; vol. V/2024) 
040 |a SNK  |b slo  |c SNK  |e rda 
041 0 |a slo  |a eng  |a hrv 
043 |a e-xo---  |a e-ci--- 
044 |a xo  |c SK 
072 7 |a 94(437.6)  |x Dejiny Slovenskej republiky  |2 konspekt 
072 7 |a 94(495/498)  |x Dejiny štátov a území na Balkánskom polostrove  |2 konspekt 
072 7 |a 32  |x Politika  |2 konspekt  |2 SNKPH 
080 |a 94(437.6)  |2 2011 
080 |a 94(497.5)  |2 2011 
080 |a 32  |2 2011 
080 |a (058)  |2 2011 
245 0 0 |a Studia Carpathico-Adriatica 
246 1 2 |a Slováci a Chorváti na ceste k samostatnosti: História a perspektívy  |f vol. I/2020 
246 1 2 |a Od Karpát k Jadranu: Archeológia sťahovania národov a stredoveku  |f vol. III/2022 
246 1 2 |a Umenie a identity  |f vol. V/2024 
264 1 |a Bratislava  |b Slovensko-chorvátska komisia humanitných vied  |c 2020- 
264 3 1 |3 2022-  |a Bratislava  |c Univerzita Komenského 
300 |a 24 cm 
310 |a 1x ročne 
336 |a text  |b txt  |2 rdacontent 
337 |a bez média  |b n  |2 rdamedia 
338 |a zväzok  |b nc  |2 rdacarrier 
362 0 |a Vol. 1 (2020)- 
500 |a Zvratmo tlačený text v angličtine 
500 |a Editori: I/2020, Martin Homza a Željko Holjevac ; III/2022, Martin Homza a Željko Holjevac, Krešimir Filipec, Andrej Vrtel ; V/2024, Martin Homza a Željko Holjevac, Mirjana Repanić Braun & Ivan Gerát 
500 |a Každý ročník má vlastný názov, ktorý je v slovenčine, v chorvátčine a v angličtine 
504 |a Bibliografické odkazy ; poznámky 
530 |a Online vydanie: Studia Carpathico-Adriatica (Online vydanie) 
546 |a Text slovenský, chorvátsky, anglický 
650 0 7 |a politika  |2 SNKPH  |9 968 
650 0 7 |a Politics  |2 SNKPHeng  |9 265606 
651 7 |a Slovensko  |x dejiny  |2 SNKPHgeo  |9 13278 
651 7 |a Chorvátsko  |x dejiny  |2 SNKPHgeo  |9 17970 
651 7 |a Slovakia  |x history  |2 SNKPHeng  |9 266841 
651 7 |a Croatia  |x History  |2 SNKPHeng  |9 109943 
655 7 |a ročenky  |2 SNKPH  |9 57146 
655 7 |a Yearbooks  |2 SNKPHeng  |9 120938 
700 1 |a Homza, Martin,  |d 1967-  |4 edt  |9 210254 
700 1 |a Holjevac, Željko  |4 edt  |9 266842 
700 1 |a Filipec, Krešimir  |4 edt  |9 266843 
700 1 |a Vrtel, Andrej  |4 edt  |9 47690 
700 1 |a Repanić-Braun, Mirjana   |4 edt  |9 1636713 
700 1 |a Gerát, Ivan,  |d 1964-  |4 edt  |9 233354 
856 4 |u https://www.slo-cro-commission.com/publications/studia-carpathico-adriatica/ 
919 |a 978-80-89728-23-7 
919 |a 978-80-223-5684-8 
919 |a 978-80-223-6131-6 
958 |a NB 
999 |c 2906  |d 4836 
952 |a SNK  |b SNK  |y PREZ  |7 0  |p 17A1524870  |o snkČSC 4206/3/2022  |i snk2024/17761  |8 0  |0 0  |1 0  |4 0  |d 2024-11-27  |l 0  |r 2026-02-21 21:21:47  |w 2026-02-21 
952 |a SNK  |b SNK  |y PREZ  |7 0  |p 17A1460398  |o snkČSC 4206/1/2020  |i snk2021/11449  |8 0  |0 0  |1 0  |4 0  |d 2021-09-02  |l 0  |r 2026-02-21 21:39:27  |w 2026-02-21 
952 |a SNK  |b SNK  |y PREZ  |7 0  |p 17A1460399  |o snkČSC 4206/1/2020 D1  |i snk2021/11450  |8 0  |0 0  |1 0  |4 0  |d 2021-09-02  |l 0  |r 2026-02-21 21:39:28  |w 2026-02-21 
952 |t 1  |a SNK  |b SNK  |y NEVYP  |7 1  |p 17A1559276  |o snkČSC 4206/5/2024  |i snk2026/5159  |8 0  |0 0  |1 0  |2 udc  |4 0  |d 2026-04-13  |l 0  |r 2026-04-13 08:56:27  |w 2026-04-13